Biblioteca

El frenesí del vulgo: fiestas, juegos y bailes en la sociedad colonial / Orían Jiménez Meneses (Registro nro. 35048)

Detalles MARC
000 -LÍDER
Campo fijo de descripción fija 011110000a22002170004500
020 ## - NÚMERO INTERNACIONAL NORMALIZADO PARA LIBROS
Número Internacional Normalizado del libro 978-958-714-074-3 :
-- 9.200
082 04 - NÚMERO DE CLASIFICACIÓN DECIMAL DEWEY
Número de clasificación G 398.09861 J614f
001 - NÚMERO DE CONTROL
Campo de control 4452
100 1# - ASIENTO PRINCIPAL--NOMBRE PERSONAL
Nombre personal Jiménez Meneses, Orián
245 10 - TÍTULO
Título del Material El frenesí del vulgo: fiestas, juegos y bailes en la sociedad colonial / Orían Jiménez Meneses
260 ## - PUBLICACIÓN, DISTRIBUCIÓN, ETC. (PIE DE IMPRENTA)
Lugar de publicación, distribución, etc. Medellín : Universidad de Antioquia
300 ## - DESCRIPCIÓN FÍSICA
Extensión 157 p.
336 ## - CONTENT TYPE
Content type term texto
Content type code txt
Source rdacontent
337 ## - MEDIA TYPE
Source rdamedia
Media type term sin mediación
Media type code n
338 ## - CARRIER TYPE
Source rdacarrier
Carrier type term volumen
Carrier type code nc
500 ## - NOTA GENERAL
Nota General III premio nacional de ensayo en estudios culturales (2007)
505 00 - NOTA DE CONTENIDO
Nota de contenido con formato preestablecido Fiestas, juegos y bailes. Un balance - Fiestas religiosas y celebraciones políticas - Juegos de envite y azar: el vértigo de la vida - Bailes y música: los ritmos festivos de la vida colonial
650 14 - ASIENTO SECUNDARIO DE MATERIA - TERMINO TEMÁTICO
Término temático o nombre geográfico como elemento de entrada FOLCLOR - HISTORIA - COLOMBIA \ FIESTAS POPULARES - HISTORIA - COLOMBIA \ DANZAS POPULARES Y NACIONALES COLOMBIANAS \ FESTIVIDADES RELIGIOSAS - HISTORIA - COLOMBIA \ RITOS Y CEREMONIAS - HISTORIA - COLOMBIA
942 ## - TIPO DE MATERIAL (KOHA)
Tipo de Item KOHA Libros General
Existencias
Estado de Material Estado de Perdido Estado de Dañado No para Préstamo Colección Tomo Biblioteca de Origen Biblioteca Permanente Fecha de Adquisición Total de Préstamos Signatura Topográfica Código de Barras Última vez visto Ejemplar/Existencia Fecha de Remplazo Tipo de Material
        Colección General   Biblioteca FUSBC Biblioteca FUSBC 04/12/2009   G 398.09861 J614f 17075 12/12/2019 1 26/01/2016 Libros General

Biblioteca FUSBC | Teléfono: (57+4) 349 88 10 Ext. 141| WhatsApp (+57) 3005338115 
E-mail: biblioteca@unisbc.edu.co | Calle 76 87-14 Robledo Palenque, Medellín, Colombia

Con tecnología Koha